000 01181nam a22002417a 4500
003 OSt
005 20250313142252.0
008 250313b ||||| |||| 00| 0 spa d
020 _a9786287638358
040 _cCO-Mq BPB
041 _aspa
082 _aJN
_bGARa
100 _aGarcía Márquez, Gabriel
_d1927-2014
_eautor
245 _aEn Agosto Nos Vemos
264 _aBarcelona, España;
_bPenguin Random House,
_c2024
300 _a137 páginas;
_bTapa dura
_c24 cm
490 _aPremio Novel de Literatura
521 _aCada mes de agosto Ana Magdalena Bach toma el transbordador hasta la isla donde está enterrada su madre para visitar la tumba en la que yace. Esas visitas acaban suponiendo una irresistible invitación a convertirse en una persona distinta durante una noche al año. Escrita en el inconfundible y fascinante estilo de García Márquez, En agosto nos vemos es un canto a la vida, a la resistencia del goce pese al paso del tiempo y al deseo femenino. Un regalo inesperado para los innumerables lectores del Nobel colombiano.
650 _aRealismo mágico
650 _aLiteratura juvenil
650 _aLiteratura colombiana
942 _2ddc
_cBKLIT
999 _c15854
_d15854